000 00328 a2200157 4500
001 173858
020 _a
040 _cMagnum
100 _aPpontes Neto, Hildebrando
240 1 0 _aO menino e a lua
_lpor
245 1 0 _aO menino e a lua
362 0 _a1899
440 1 _aLĂȘ
697 _aIJ/AVENTURA, CRIANCAS
942 _cBK
999 _c173858
_d173858